| 000 | 01513pam a2200337 a 4500 | ||
|---|---|---|---|
| 001 | 1104989 | ||
| 005 | 20030723212543.0 | ||
| 008 | 930421s1994 njua |rb 001 0 eng | ||
| 010 | _a 93001795 | ||
| 020 | _a0691021023 (pbk. : acidfree paper) | ||
| 040 |
_aDLC _cDLC _dDLC |
||
| 050 | 0 | 0 |
_aHM101 _b.C937 1994 |
| 082 |
_222 _a306 _bCUL |
||
| 245 | 0 | 0 |
_aCulture/Power/History : _bA Reader in Contemporary Social Theory / _cNicholas B. Dirks, Geoff Eley, and Sherry B. Ortner, editors. |
| 260 |
_aPrinceton, N.J. : _bPrinceton University Press, 1994 _cc1994. |
||
| 300 |
_axiv, 621 p. : _bill. ; _c25 cm. |
||
| 490 |
_aPrinceton Studies in Culture/Power/History _914414 |
||
| 504 | _aIncludes bibliographical references and index. | ||
| 650 | 0 |
_aCulture. _914408 |
|
| 650 | 0 |
_aPower (Social sciences) _914409 |
|
| 650 | 0 |
_aSocial sciences. _914410 |
|
| 700 | 1 |
_aDirks, Nicholas B., _d1950- _914411 |
|
| 700 | 1 |
_aEley, Geoff, _d1949- _914412 |
|
| 700 | 1 |
_aOrtner, Sherry B., _d1941- _914413 |
|
| 856 | 4 | 2 |
_3Book review (H-Net) _uhttp://www.h-net.org/review/hrev-a0b1s8-aa |
| 856 | 4 | 1 |
_3Table of contents _uhttp://www.loc.gov/catdir/toc/prin031/93001795.html |
| 856 | 4 | 2 |
_3Publisher description _uhttp://www.loc.gov/catdir/description/prin021/93001795.html |
| 942 |
_2ddc _cBB |
||
| 999 |
_c14029 _d14029 |
||